00581nam a2200157 a 4500008004100000050001400041100002000055245005600075260002600131300001300157350000900170700002100179995008400200999001700284952012200301120416s1978 ||||||||||||||||| || u aHM 24 Bee aBeehler, Rodger14aThe Philosophy of societycedited by Rodger Beehler aLondonbMethuenc1978 ax, 437p. a0.00 aDrengson, Alan R D0.00FCBU-MAIN LIBRARY (Kitwe)H1I0.00UAVAILABLEZAnnex Low-Usage Collection  c53504d53504 00102lcc4070a001b001cAnnex Low-Usage Collection d2022-11-30l0oHM 24 Beep008450r2022-11-30w2022-11-30y002